[Event "POR-chT"]
[Site "Sao Joao da Madeira"]
[Date "2023.07.20"]
[Round "5.2"]
[White "Pereira, Ruben Miguel Nunes"]
[Black "Ribeiro, Gustavo"]
[Result "1/2-1/2"]
[WhiteElo "2444"]
[BlackElo "1876"]
[PlyCount "141"]
[EventDate "2023.07.17"]
[EventType "team-tourn"]
[EventRounds "9"]
[EventCountry "POR"]
[SourceTitle "CBM 215 Extra"]
[Source "ChessBase"]
[SourceDate "2023.09.30"]
[SourceVersion "1"]
[SourceVersionDate "2023.09.30"]
[SourceQuality "1"]
[WhiteTeam "Estrelas S Joao de Brito"]
[BlackTeam "Tessera"]
[WhiteTeamCountry "POR"]
[BlackTeamCountry "POR"]

1. e4 c5 2. Nc3 a6 3. Nge2 b5 4. g3 Bb7 5. Bg2 g6 6. d4 cxd4 7. Qxd4 Nf6 8. Bg5 Bg7 9. e5 Bxg2 10. exf6 exf6 11. Ne4 Nc6 12. Nxf6+ Bxf6 13. Qxf6 Qxf6 14. Bxf6 0-0 15. Rg1 Bf3 16. Nf4 Na5 17. b3 Rac8 18. Kd2 Rc6 19. Bb2 Rfc8 20. Rac1 Be4 21. Nd3 Bxd3 22. Kxd3 Rd6+ 23. Ke3 f5 24. Rge1 Kf7 25. Kf3 Nc6 26. Rcd1 Rxd1 27. Rxd1 Ke6 28. c3 Ne5+ 29. Ke2 d5 30. h3 Nd7 31. Re1 Nc5 32. f3 Kd7 33. Rd1 Re8+ 34. Kf2 Kc6 35. Bc1 Ne6 36. Be3 Rc8 37. Ke2 Rf8 38. g4 Rg8 39. Ra1 Re8 40. Kd2 f4 41. Ba7 Ng5 42. Rf1 Nxh3 43. Bd4 Re6 44. a4 bxa4 45. bxa4 Ng5 46. Kd3 h5 47. gxh5 gxh5 48. Rh1 Nxf3 49. Rxh5 Ne1+ 50. Kd2 Nf3+ 51. Kd3 Nxd4 52. cxd4 Re3+ 53. Kd2 Re4 54. Rh6+ Kb7 55. Kd3 Re3+ 56. Kd2 Ra3 57. Rd6 Rxa4 58. Rxd5 Ra3 59. Ke2 f3+ 60. Kf2 a5 61. Rc5 Kb6 62. Rc8 Kb7 63. Rc4 Rd3 64. d5 Kb6 65. Rf4 Kc5 66. d6 Kb5 67. Rxf3 Rxf3+ 68. Kxf3 Kc6 69. Ke2 a4 70. Kd2 a3 71. Kc2 1/2-1/2

[Event "POR-chT"]
[Site "Ovar"]
[Date "2022.07.22"]
[Round "9.4"]
[White "Pipiras, Filipa Fortuna"]
[Black "Pereira, Ruben Miguel Nunes"]
[Result "1/2-1/2"]
[WhiteElo "2139"]
[BlackElo "2436"]
[PlyCount "78"]
[EventDate "2022.07.16"]
[EventType "team-tourn"]
[EventRounds "9"]
[EventCountry "POR"]
[SourceTitle "CBM 209 Extra"]
[Source "ChessBase"]
[SourceDate "2022.09.30"]
[SourceVersion "1"]
[SourceVersionDate "2022.09.30"]
[SourceQuality "1"]
[WhiteTeam "Porto Colegio Efanor"]
[BlackTeam "Estrelas S Joao de Brito"]
[WhiteTeamCountry "POR"]
[BlackTeamCountry "POR"]

1. d4 Nf6 2. c4 g6 3. Nc3 d5 4. cxd5 Nxd5 5. e4 Nxc3 6. bxc3 Bg7 7. Nf3 c5 8. Bb5+ Bd7 9. Rb1 0-0 10. 0-0 Qc7 11. Be3 Bxb5 12. Rxb5 Nd7 13. a4 Rab8 14. Qe2 a6 15. Rbb1 Qc6 16. d5 Qxa4 17. Bf4 Bxc3 18. Bxb8 Rxb8 19. e5 Qf4 20. e6 Ne5 21. exf7+ Kxf7 22. Nxe5+ Bxe5 23. g3 Qf6 24. f4 Bd4+ 25. Kh1 b5 26. f5 Kg8 27. fxg6 Qxg6 28. Rbe1 Re8 29. Rf4 Kh8 30. Qf3 Bg7 31. Rf7 Bf6 32. Rxf6 exf6 33. Rxe8+ Qxe8 34. Qxf6+ Kg8 35. d6 Qe1+ 36. Kg2 Qe2+ 37. Kh3 Qh5+ 38. Kg2 Qe2+ 39. Kh3 Qh5+ 1/2-1/2

[Event "POR-chT"]
[Site "Ovar"]
[Date "2022.07.20"]
[Round "7.3"]
[White "Pereira, Ruben Miguel Nunes"]
[Black "Vassallo Barroche, Mauricio"]
[Result "1/2-1/2"]
[WhiteElo "2436"]
[BlackElo "2372"]
[PlyCount "48"]
[EventDate "2022.07.16"]
[EventType "team-tourn"]
[EventRounds "9"]
[EventCountry "POR"]
[SourceTitle "CBM 209 Extra"]
[Source "ChessBase"]
[SourceDate "2022.09.30"]
[SourceVersion "1"]
[SourceVersionDate "2022.09.30"]
[SourceQuality "1"]
[WhiteTeam "Estrelas S Joao de Brito"]
[BlackTeam "Assembleia Figueirense"]
[WhiteTeamCountry "POR"]
[BlackTeamCountry "POR"]

1. e4 e5 2. Bc4 Nf6 3. d3 Bc5 4. Nc3 d6 5. Na4 Bb4+ 6. c3 Ba5 7. b4 Bb6 8. Nxb6 axb6 9. Bg5 h6 10. Bh4 Qe7 11. Ne2 Be6 12. Bb3 Nbd7 13. 0-0 g5 14. Bg3 Nf8 15. f3 Ng6 16. d4 h5 17. c4 h4 18. Be1 Nh5 19. c5 bxc5 20. bxc5 dxc5 21. dxc5 c6 22. Rb1 Rd8 23. Qc2 Rd7 24. Ba5 0-0 1/2-1/2

[Event "POR-chT"]
[Site "Ovar"]
[Date "2022.07.16"]
[Round "1.2"]
[White "Margarido, Jose Miguel Teixeir"]
[Black "Pereira, Ruben Miguel Nunes"]
[Result "0-1"]
[WhiteElo "2150"]
[BlackElo "2436"]
[PlyCount "106"]
[EventDate "2022.07.16"]
[EventType "team-tourn"]
[EventRounds "9"]
[EventCountry "POR"]
[SourceTitle "CBM 209 Extra"]
[Source "ChessBase"]
[SourceDate "2022.09.30"]
[SourceVersion "1"]
[SourceVersionDate "2022.09.30"]
[SourceQuality "1"]
[WhiteTeam "EPGaia"]
[BlackTeam "Estrelas S Joao de Brito"]
[WhiteTeamCountry "POR"]
[BlackTeamCountry "POR"]

1. c4 Nf6 2. g3 g6 3. Bg2 Bg7 4. Nc3 c6 5. e4 e5 6. Nge2 0-0 7. 0-0 d6 8. d4 Nbd7 9. h3 Re8 10. Be3 exd4 11. Nxd4 Nc5 12. Qc2 Ne6 13. Rad1 Qe7 14. Rfe1 Nxd4 15. Bxd4 Be6 16. b3 Qf8 17. f4 Nh5 18. Kh2 f5 19. Bxg7 Nxg7 20. Qf2 Bf7 21. Rd2 Re6 22. Rde2 a6 23. Qb6 Qe7 24. exf5 gxf5 25. Rxe6 Nxe6 26. Qe3 Qf6 27. Rd1 Rd8 28. b4 Ng7 29. Bf1 Re8 30. Qd2 Re6 31. Re1 Rxe1 32. Qxe1 Qd4 33. b5 Bxc4 34. bxc6 bxc6 35. Bxc4+ Qxc4 36. h4 h5 37. Qd2 d5 38. Ne2 c5 39. Ng1 Qe4 40. Nh3 Ne6 41. Qb2 d4 42. Qb8+ Kg7 43. Qa7+ Kg6 44. Qe7 Qc2+ 45. Kh1 Qb1+ 46. Ng1 Qe4+ 47. Kh2 d3 48. Nf3 Qe2+ 49. Kg1 Qe3+ 50. Kh2 Qf2+ 51. Kh3 Nxf4+ 52. gxf4 Qxf3+ 53. Kh2 Qe2+ 0-1

[Event "Online Olym Div2 C"]
[Site "Chess.com INT"]
[Date "2020.08.15"]
[Round "4.1"]
[White "Pereira, Ruben Miguel Nunes"]
[Black "Georgiev, Kiril"]
[Result "1/2-1/2"]
[WhiteElo "2440"]
[BlackElo "2587"]
[PlyCount "253"]
[EventDate "2020.08.14"]
[EventType "team-tourn (rapid)"]
[EventRounds "9"]
[EventCountry "USA"]
[SourceTitle "CBM 198"]
[Source "ChessBase"]
[SourceDate "2020.10.31"]
[SourceVersion "1"]
[SourceVersionDate "2020.10.31"]
[SourceQuality "1"]
[WhiteTeam "Portugal"]
[BlackTeam "Macedonia"]
[WhiteTeamCountry "POR"]
[BlackTeamCountry "MKD"]

1. e4 c5 2. Nc3 Nc6 3. Bb5 Nd4 4. Nf3 e6 5. Bc4 Nf6 6. 0-0 a6 7. a4 d6 8. d3 Nc6 9. Bg5 Be7 10. Re1 b6 11. e5 dxe5 12. Nxe5 Nxe5 13. Rxe5 Bb7 14. Re1 0-0 15. Qe2 Qd7 16. Bf4 Rfe8 17. Be5 Qc6 18. f3 Nd7 19. Bg3 Bf6 20. Ne4 Bxb2 21. Rab1 Be5 22. Bf2 Rab8 23. c3 Bc7 24. d4 Qxa4 25. dxc5 Bxe4 26. Qxe4 Nxc5 27. Bxc5 bxc5 28. Ra1 Qd7 29. Red1 Qe7 30. Rxa6 Red8 31. Rxd8+ Rxd8 32. Ra8 g6 33. Qc6 Rxa8 34. Qxa8+ Kg7 35. Qc6 Be5 36. Bf1 Bxc3 37. g3 Bd4+ 38. Kg2 h5 39. Qe4 Qa7 40. Qc2 Qa3 41. Qd3 Qc1 42. Qe2 Qg5 43. Qe4 Qd5 44. Qd3 Kf6 45. h4 Kg7 46. Qe2 Qf5 47. Qd3 Qe5 48. Qe2 Qc7 49. Qb5 Qa7 50. Qe2 Qa1 51. Qa6 Qc1 52. Qd3 Kf6 53. Qe2 Ke7 54. Qd3 Qa1 55. Qb5 Qc3 56. Qd3 Qb2+ 57. Qe2 Qb4 58. Qa6 Kf6 59. Qd3 Qe1 60. Qe2 Qc1 61. Qd3 g5 62. hxg5+ Qxg5 63. Qe4 Qd2+ 64. Kh3 Qg5 65. Be2 Bf2 66. Qh4 Kg6 67. Qxg5+ Kxg5 68. f4+ Kh6 69. Kh4 f6 70. Bc4 e5 71. fxe5 fxe5 72. Bd3 Be3 73. Be4 c4 74. Bf5 Bg5+ 75. Kh3 Kg7 76. Kg2 Kf6 77. Be4 Ke6 78. Kf3 Kd6 79. Bg6 h4 80. gxh4 Bxh4 81. Bc2 Kd5 82. Bh7 Kd4 83. Bg6 Bg5 84. Bh7 Bf4 85. Bg6 Kc3 86. Ke2 Kb3 87. Kd1 Bh6 88. Bh7 Kc3 89. Ke2 Bf4 90. Bg6 Kb2 91. Kd1 Be3 92. Bh7 Bd4 93. Bg6 Kc3 94. Ke2 Kb3 95. Kd1 Ba7 96. Bh7 Kb2 97. Bg6 Kc3 98. Ke2 Kd4 99. Kf3 c3 100. Bh7 Kc4 101. Ke2 Kb3 102. Kd1 Bb6 103. Bg6 Kb2 104. Bh7 Bc5 105. Bg6 Bf8 106. Bh7 Kb3 107. Bg6 Kc4 108. Ke2 Kd4 109. Kf3 Bh6 110. Bh7 Bg5 111. Bg6 Kc4 112. Ke2 Kb3 113. Kd1 Kb2 114. Bh7 Bf4 115. Bg6 Kb3 116. Bh7 Kb4 117. Ke2 Kc5 118. Bg6 Bh6 119. Bh7 Kd4 120. Kf3 Kc4 121. Ke2 Kb3 122. Kd1 Kb2 123. Bg6 Bd2 124. Bh7 Kb3 125. Bg6 Kc4 126. Ke2 Kd4 127. Kf3 1/2-1/2

[Event "POR CupT qf 41st"]
[Site "Carcavelos"]
[Date "2019.05.04"]
[Round "3.5"]
[White "Perez Candelario, Manuel"]
[Black "Pereira, Ruben Miguel Nunes"]
[Result "1-0"]
[WhiteElo "2627"]
[BlackElo "2448"]
[PlyCount "75"]
[EventDate "2019.04.04"]
[EventType "team-k.o."]
[EventRounds "6"]
[EventCountry "POR"]
[SourceTitle "CBM 190 Extra"]
[Source "ChessBase"]
[SourceDate "2019.07.15"]
[SourceVersion "1"]
[SourceVersionDate "2019.07.15"]
[SourceQuality "1"]
[WhiteTeam "Montemor o Novo"]
[BlackTeam "Estrelas S Joao de Brito"]
[WhiteTeamCountry "POR"]
[BlackTeamCountry "POR"]

1. e4 c5 2. Nf3 Nc6 3. d4 cxd4 4. Nxd4 Qb6 5. Nb3 Nf6 6. Nc3 e6 7. Qe2 Bb4 8. Bd2 0-0 9. a3 Be7 10. e5 Ne8 11. 0-0-0 Qc7 12. f4 d6 13. Nb5 Qb8 14. N5d4 Bd7 15. Nf3 d5 16. h4 a5 17. Be3 b6 18. Ng5 g6 19. g4 Ng7 20. Qh2 f6 21. Bd3 fxe5 22. Nxh7 Kxh7 23. h5 e4 24. hxg6+ Kxg6 25. Qh7+ Kf7 26. Rh6 Rg8 27. Bxe4 dxe4 28. Rxd7 Ra7 29. Rd1 Qc8 30. f5 exf5 31. Rf1 Rh8 32. Qxh8 Qxh8 33. Rxh8 Bf6 34. gxf5 Ne5 35. Bxb6 Rb7 36. Bxa5 e3 37. Rh2 Nc4 38. Bc3 1-0

[Event "POR-chT"]
[Site "Maia"]
[Date "2018.07.18"]
[Round "4.4"]
[White "Iruzubieta Villaluenga, Jesus Maria"]
[Black "Pereira, Ruben Miguel Nunes"]
[Result "0-1"]
[WhiteElo "2439"]
[BlackElo "2420"]
[PlyCount "94"]
[EventDate "2018.07.16"]
[EventType "team-tourn"]
[EventRounds "9"]
[EventCountry "POR"]
[SourceTitle "CBM 185 Extra"]
[Source "ChessBase"]
[SourceDate "2018.07.29"]
[SourceVersion "1"]
[SourceVersionDate "2018.07.29"]
[SourceQuality "1"]
[WhiteTeam "Porto A"]
[BlackTeam "Amadora"]
[WhiteTeamCountry "POR"]
[BlackTeamCountry "POR"]

1. e4 c5 2. Nf3 d6 3. d4 cxd4 4. Nxd4 Nf6 5. Nc3 a6 6. h3 e5 7. Nde2 b5 8. g4 h6 9. Bg2 Nbd7 10. 0-0 Bb7 11. f4 Be7 12. Ng3 g6 13. Qe2 Qc7 14. Be3 Nb6 15. fxe5 dxe5 16. Rad1 Nc4 17. Bc1 Rd8 18. Rxd8+ Qxd8 19. Kh2 h5 20. g5 Nd7 21. h4 Nc5 22. Nd5 Ne6 23. Nxe7 Qxe7 24. b3 Na5 25. Rf6 Nc6 26. c3 b4 27. cxb4 Qxb4 28. Qf2 0-0 29. Bf1 Ncd4 30. Bc4 Qe7 31. Be3 Bc8 32. Ne2 Nxe2 33. Qxe2 Kh7 34. Qf2 Kg7 35. Bxe6 fxe6 36. Rxf8 Qxf8 37. Qb2 Qd6 38. Bf4 Kh7 39. Bxe5 Qd3 40. Qf2 Kg8 41. Qf6 Qe2+ 42. Kg3 Qe3+ 43. Qf3 Qg1+ 44. Qg2 Qe3+ 45. Qf3 Qg1+ 46. Kh3 a5 47. a4 Ba6 0-1

[Event "POR-chT"]
[Site "Maia"]
[Date "2018.07.17"]
[Round "3.3"]
[White "Pereira, Ruben Miguel Nunes"]
[Black "Nagy, Gabor"]
[Result "1/2-1/2"]
[WhiteElo "2420"]
[BlackElo "2474"]
[PlyCount "53"]
[EventDate "2018.07.16"]
[EventType "team-tourn"]
[EventRounds "9"]
[EventCountry "POR"]
[SourceTitle "CBM 185 Extra"]
[Source "ChessBase"]
[SourceDate "2018.07.29"]
[SourceVersion "1"]
[SourceVersionDate "2018.07.29"]
[SourceQuality "1"]
[WhiteTeam "Amadora"]
[BlackTeam "Dias Ferreira"]
[WhiteTeamCountry "POR"]
[BlackTeamCountry "POR"]

1. e3 Nf6 2. Nf3 g6 3. b3 Bg7 4. Bb2 0-0 5. Be2 d6 6. d4 c5 7. 0-0 Nc6 8. c4 cxd4 9. Nxd4 Bd7 10. Nc3 a6 11. Rc1 Qa5 12. a3 Rfc8 13. b4 Qd8 14. Nxc6 Bxc6 15. Qb3 Bd7 16. Bf3 Rc7 17. Rfd1 Qe8 18. b5 Rb8 19. a4 Be6 20. Nd5 Bxd5 21. cxd5 Rxc1 22. Rxc1 axb5 23. axb5 Nd7 24. Ba3 h5 25. Bb4 Rc8 26. Rxc8 Qxc8 27. Be2 1/2-1/2

[Event "POR-CupT 1/8-1/4 final"]
[Site "Santo Tirso/Lisbon"]
[Date "2014.05.24"]
[Round "4.1"]
[White "Furtado, Dinis"]
[Black "Pereira, Ruben Miguel Nunes"]
[Result "0-1"]
[WhiteElo "1815"]
[BlackElo "2419"]
[PlyCount "74"]
[EventDate "2014.05.24"]
[EventType "team-k.o."]
[EventRounds "5"]
[EventCountry "POR"]
[SourceTitle "EXT 2015"]
[Source "ChessBase"]
[SourceDate "2014.11.20"]
[SourceVersion "1"]
[SourceVersionDate "2014.11.20"]
[SourceQuality "1"]
[WhiteTeam "Colegio Portugues"]
[BlackTeam "Gaia"]
[WhiteTeamCountry "POR"]
[BlackTeamCountry "POR"]

1. Nf3 c5 2. b3 Nf6 3. Bb2 e6 4. e3 Be7 5. Be2 0-0 6. 0-0 b6 7. d4 Bb7 8. c4 cxd4 9. Nxd4 Nc6 10. Bf3 a6 11. Ba3 Bxa3 12. Nxa3 Qe7 13. Nac2 Rfd8 14. Qe2 Rac8 15. Rfd1 Nxd4 16. Nxd4 d5 17. Rac1 dxc4 18. Rxc4 Rxc4 19. bxc4 Bxf3 20. Nxf3 Ne4 21. g3 h6 22. Rd4 Nc5 23. Ne5 Qc7 24. Qd1 Rc8 25. f4 f6 26. Nd7 Nxd7 27. Rxd7 Qxc4 28. Rd8+ Rxd8 29. Qxd8+ Kh7 30. Qxb6 Qxa2 31. g4 a5 32. h4 a4 33. Qd4 Qb1+ 34. Kg2 a3 35. f5 Qb2+ 36. Kg3 Qxd4 37. exd4 exf5 0-1

[Event "POR SuperCup"]
[Site "Vila Nova de Gaia"]
[Date "2013.11.02"]
[Round "1.1"]
[White "Pereira, Ruben Miguel Nunes"]
[Black "Diogo, Vasco Andre Marcalo"]
[Result "1-0"]
[WhiteElo "2414"]
[BlackElo "2276"]
[PlyCount "116"]
[EventDate "2013.11.02"]
[EventType "team-match"]
[EventRounds "1"]
[EventCountry "POR"]
[SourceTitle "EXT 2014"]
[Source "ChessBase"]
[SourceDate "2013.11.20"]
[SourceVersion "1"]
[SourceVersionDate "2013.11.20"]
[SourceQuality "1"]
[WhiteTeam "Gaia"]
[BlackTeam "Tap CC"]
[WhiteTeamCountry "POR"]
[BlackTeamCountry "POR"]

1. Nf3 d5 2. c4 c6 3. g3 Nf6 4. Bg2 g6 5. 0-0 Bg7 6. d4 0-0 7. cxd5 cxd5 8. Nc3 e6 9. Bf4 Nc6 10. Ne5 Nxe5 11. Bxe5 Bd7 12. Rc1 Bc6 13. b4 a6 14. a4 Bh6 15. Rb1 Ne4 16. Bxe4 dxe4 17. Bf4 Bxf4 18. gxf4 Qh4 19. e3 Rfd8 20. Qe2 Rac8 21. Rfc1 Kg7 22. Qf1 Qg4+ 23. Qg2 Qxg2+ 24. Kxg2 Bd5 25. a5 Bc6 26. Kf1 Kf6 27. Ke1 Ke7 28. Rb2 Bb5 29. Kd2 f5 30. Rbc2 Bd7 31. Nb1 Rxc2+ 32. Rxc2 Bc6 33. Na3 Bd5 34. Rc5 h6 35. h4 Rg8 36. b5 axb5 37. Nxb5 Bc6 38. Na3 Bd5 39. Rc7+ Kf6 40. Nb5 Rd8 41. Kc3 g5 42. h5 gxf4 43. exf4 Bc6 44. Na3 Rd7 45. Rc8 e3 46. fxe3 Bf3 47. Nc4 Bxh5 48. Ne5 Re7 49. Kb4 Be8 50. Kc5 h5 51. Nf3 Bc6 52. Ng5 Re8 53. Rxe8 Bxe8 54. Kb6 Ke7 55. Kxb7 Kd6 56. a6 Bc6+ 57. Kb8 h4 58. a7 Kd5 1-0

[Event "POR Cup 35th"]
[Site "Famalicao"]
[Date "2013.05.18"]
[Round "1.1"]
[White "Pereira, Ruben Miguel Nunes"]
[Black "Pires, Gustavo"]
[Result "1-0"]
[WhiteElo "2413"]
[BlackElo "2143"]
[PlyCount "77"]
[EventDate "2013.05.18"]
[EventType "team-k.o."]
[EventRounds "2"]
[EventCountry "POR"]
[SourceTitle "CBM 154 Extra"]
[Source "ChessBase"]
[SourceDate "2013.06.25"]
[SourceVersion "2"]
[SourceVersionDate "2013.06.25"]
[SourceQuality "1"]
[WhiteTeam "Gaia"]
[BlackTeam "Galitos"]
[WhiteTeamCountry "POR"]
[BlackTeamCountry "POR"]

1. Nf3 d5 2. c4 c6 3. g3 Nf6 4. Bg2 g6 5. 0-0 Bg7 6. d4 0-0 7. Nc3 Ne4 8. Qb3 dxc4 9. Qxc4 Be6 10. Qd3 Nd6 11. Bf4 Na6 12. Rfd1 Bf5 13. e4 Bg4 14. h3 Bxf3 15. Qxf3 Qb6 16. Na4 Qb4 17. b3 Nb5 18. a3 Qa5 19. e5 Nbc7 20. Nc3 Ne6 21. b4 Qc7 22. Be3 f6 23. exf6 Bxf6 24. Qg4 Qc8 25. Rac1 Ng7 26. b5 Nc7 27. bxc6 bxc6 28. Bxc6 Qa6 29. Bxa8 Rxa8 30. Ne4 Nd5 31. Qd7 Nxe3 32. Nxf6+ Qxf6 33. fxe3 Qg5 34. Rc8+ Rxc8 35. Qxc8+ Kf7 36. Qc4+ e6 37. Qc7+ Ke8 38. Qe5 Nf5 39. Rb1 1-0

[Event "POR-CupT 1/8-1/4 final 35th"]
[Site "Torres Vedras"]
[Date "2013.04.20"]
[Round "1.25"]
[White "Dias, Ivo Rodrigues"]
[Black "Pereira, Ruben Miguel Nunes"]
[Result "0-1"]
[WhiteElo "1853"]
[BlackElo "2413"]
[PlyCount "56"]
[EventDate "2013.04.20"]
[EventType "team-k.o."]
[EventRounds "2"]
[EventCountry "POR"]
[SourceTitle "EXT 2015"]
[Source "ChessBase"]
[SourceDate "2014.11.20"]
[SourceVersion "1"]
[SourceVersionDate "2014.11.20"]
[SourceQuality "1"]
[WhiteTeam "Cosme Didaxis II"]
[BlackTeam "Gaia"]
[WhiteTeamCountry "POR"]
[BlackTeamCountry "POR"]

1. Nf3 Nf6 2. c4 c5 3. g3 Nc6 4. Bg2 e6 5. 0-0 Be7 6. d4 cxd4 7. Nxd4 0-0 8. Nc3 d5 9. e4 Nxd4 10. Qxd4 dxe4 11. Qe3 Qc7 12. b3 Bc5 13. Qe2 Qe5 14. Na4 Bd4 15. Rb1 Bd7 16. Bf4 Qf5 17. Bd6 Rfe8 18. Rbd1 e5 19. Nc5 Bc6 20. b4 Rad8 21. Bc7 Rc8 22. Bd6 b6 23. Nb3 Ba4 24. Nxd4 Bxd1 25. Rxd1 exd4 26. Rxd4 e3 27. f4 Qg4 28. Bf3 Qxf3 0-1

[Event "Olympiad-40"]
[Site "Istanbul"]
[Date "2012.09.06"]
[Round "9.2"]
[White "Kett, Timothy"]
[Black "Pereira, Ruben Miguel Nunes"]
[Result "0-1"]
[WhiteElo "2237"]
[BlackElo "2417"]
[PlyCount "126"]
[EventDate "2012.08.28"]
[EventType "team-swiss"]
[EventRounds "11"]
[EventCountry "TUR"]
[SourceTitle "CBM 151"]
[Source "ChessBase"]
[SourceDate "2012.11.13"]
[SourceVersion "1"]
[SourceVersionDate "2012.11.13"]
[SourceQuality "1"]
[WhiteTeam "Wales"]
[BlackTeam "Portugal"]
[WhiteTeamCountry "WLS"]
[BlackTeamCountry "POR"]

1. e4 c5 2. Nf3 d6 3. d4 cxd4 4. Nxd4 Nf6 5. Nc3 Nc6 6. Bg5 Qb6 7. Nb3 e6 8. Bd3 Be7 9. Qe2 a6 10. 0-0-0 0-0 11. f4 Qc7 12. Rde1 b5 13. e5 dxe5 14. fxe5 Nd5 15. Bxe7 Ncxe7 16. Nxd5 Nxd5 17. Qe4 g6 18. h4 Bb7 19. h5 Qe7 20. Qg4 Nb4 21. Be4 Bxe4 22. Rxe4 Nc6 23. Nd4 Nxd4 24. Rxd4 Rfd8 25. hxg6 hxg6 26. Qh3 Qg5+ 27. Kb1 Kf8 28. Rh4 Qxe5 29. a3 Ke7 30. Rh7 Qf6 31. g4 Rd2 32. Rf1 Rf2 33. Rd1 Rd8 34. Rxd8 Kxd8 35. Rh8+ Ke7 36. Ra8 Qd4 37. Qh4+ Rf6 38. Qe1 Qc4 39. Ra7+ Kf8 40. b3 Qf1 41. Qxf1 Rxf1+ 42. Kb2 Rg1 43. Rxa6 Rxg4 44. Rb6 Rg5 45. Kc3 Rd5 46. Kb4 g5 47. a4 bxa4 48. bxa4 g4 49. a5 Rd1 50. a6 Ra1 51. Rd6 g3 52. Rd2 f5 53. Kb5 f4 54. Rg2 Ke7 55. Kb6 f3 56. Rxg3 f2 57. Rf3 f1Q 58. Rxf1 Rxf1 59. c4 Kd7 60. a7 Ra1 61. Kb7 e5 62. c5 Rxa7+ 63. Kxa7 Kc6 0-1

[Event "Olympiad-40"]
[Site "Istanbul"]
[Date "2012.09.05"]
[Round "8.2"]
[White "Pereira, Ruben Miguel Nunes"]
[Black "Prasca Sosa, Rafael Felipe"]
[Result "1-0"]
[WhiteElo "2417"]
[BlackElo "2415"]
[PlyCount "133"]
[EventDate "2012.08.28"]
[EventType "team-swiss"]
[EventRounds "11"]
[EventCountry "TUR"]
[SourceTitle "CBM 151"]
[Source "ChessBase"]
[SourceDate "2012.11.13"]
[SourceVersion "1"]
[SourceVersionDate "2012.11.13"]
[SourceQuality "1"]
[WhiteTeam "Portugal"]
[BlackTeam "Venezuela"]
[WhiteTeamCountry "POR"]
[BlackTeamCountry "VEN"]

1. Nf3 d5 2. c4 c6 3. g3 Nf6 4. Bg2 g6 5. cxd5 cxd5 6. Nc3 Bg7 7. Ne5 0-0 8. d4 Nc6 9. Nxc6 bxc6 10. 0-0 Nd7 11. Be3 Nb6 12. Rc1 Bd7 13. Na4 Nxa4 14. Qxa4 Re8 15. Rfd1 e6 16. Qc2 Bf8 17. h4 Qb6 18. h5 Rac8 19. hxg6 hxg6 20. Bf3 Bg7 21. Qd2 c5 22. Rxc5 Rxc5 23. dxc5 Qxb2 24. Qxb2 Bxb2 25. Rb1 Be5 26. Rb7 Bc6 27. Rxa7 Ra8 28. Rxa8+ Bxa8 29. Bd2 Bc6 30. e3 Kf8 31. Kf1 Ke8 32. Bb4 Kd7 33. Ke1 Bf6 34. Kd2 Bb5 35. Be2 Bc6 36. Bc3 Bd8 37. Kc2 Ba4+ 38. Kb2 Kc6 39. Bd4 Ba5 40. Ka3 Bc2 41. f4 Bd2 42. Kb2 Ba4 43. a3 f6 44. Bxf6 Bxe3 45. Bd3 Kxc5 46. Bxg6 Bd1 47. Kc3 Bg4 48. Be7+ Kb6 49. Bd3 Bf2 50. Bh4 Kc5 51. Kd2 Kc6 52. a4 Bb6 53. Bb5+ Kd6 54. Bf6 Bf2 55. Bh4 Bb6 56. Be2 Bxe2 57. Kxe2 e5 58. f5 e4 59. Bf6 d4 60. g4 d3+ 61. Kd2 Kd5 62. Bg5 Ba5+ 63. Kd1 Kd4 64. f6 e3 65. Bxe3+ Kxe3 66. f7 Bb4 67. a5 1-0

[Event "Olympiad-40"]
[Site "Istanbul"]
[Date "2012.08.29"]
[Round "2.3"]
[White "Forster, Richard"]
[Black "Pereira, Ruben Miguel Nunes"]
[Result "1-0"]
[WhiteElo "2459"]
[BlackElo "2417"]
[PlyCount "77"]
[EventDate "2012.08.28"]
[EventType "team-swiss"]
[EventRounds "11"]
[EventCountry "TUR"]
[SourceTitle "CBM 151"]
[Source "ChessBase"]
[SourceDate "2012.11.13"]
[SourceVersion "1"]
[SourceVersionDate "2012.11.13"]
[SourceQuality "1"]
[WhiteTeam "Switzerland"]
[BlackTeam "Portugal"]
[WhiteTeamCountry "SUI"]
[BlackTeamCountry "POR"]

1. c4 c5 2. g3 g6 3. Bg2 Bg7 4. Nc3 Nc6 5. Nf3 e6 6. d3 Nge7 7. Bg5 h6 8. Bd2 b6 9. a3 Bb7 10. b4 d6 11. Rb1 Nd4 12. e3 Nxf3+ 13. Bxf3 Bxf3 14. Qxf3 Rc8 15. 0-0 cxb4 16. Rxb4 d5 17. Nb5 a6 18. Nd4 e5 19. Nb3 a5 20. Rb5 dxc4 21. Nc1 c3 22. Be1 0-0 23. Qb7 Qd6 24. Rb3 Rc6 25. Bxc3 Rfc8 26. Bb2 Nd5 27. e4 Ne7 28. Ne2 a4 29. Rc3 Rb8 30. Qa7 Rxc3 31. Bxc3 Rc8 32. Qa6 Qxa3 33. Ra1 Qb3 34. Qxa4 Rxc3 35. Nxc3 Qxc3 36. Qe8+ Kh7 37. Ra7 Nc6 38. Rxf7 Qb3 39. Qd7 1-0

[Event "Olympiad-40"]
[Site "Istanbul"]
[Date "2012.08.28"]
[Round "1.2"]
[White "Pesqueira, Jose"]
[Black "Pereira, Ruben Miguel Nunes"]
[Result "0-1"]
[WhiteElo "1986"]
[BlackElo "2417"]
[PlyCount "66"]
[EventDate "2012.08.28"]
[EventType "team-swiss"]
[EventRounds "11"]
[EventCountry "TUR"]
[SourceTitle "CBM 151"]
[Source "ChessBase"]
[SourceDate "2012.11.13"]
[SourceVersion "1"]
[SourceVersionDate "2012.11.13"]
[SourceQuality "1"]
[WhiteTeam "Aruba"]
[BlackTeam "Portugal"]
[WhiteTeamCountry "ARN"]
[BlackTeamCountry "POR"]

1. d4 Nf6 2. c4 g6 3. Nc3 Bg7 4. g3 0-0 5. Bg2 d6 6. Nf3 Nbd7 7. e4 e5 8. d5 a5 9. 0-0 Nc5 10. Qc2 b6 11. b3 Nh5 12. a3 f5 13. Bg5 Qe8 14. Be3 f4 15. Bd2 a4 16. b4 Nb3 17. Rab1 Bg4 18. Qd3 Bh6 19. Be1 Qd7 20. Nd2 Bh3 21. f3 fxg3 22. hxg3 Nxg3 23. Nxb3 Nxf1 24. Qxf1 Bxg2 25. Qxg2 axb3 26. Rxb3 Be3+ 27. Kh1 g5 28. Ne2 Bf4 29. Nxf4 Rxf4 30. Qxg5+ Kh8 31. Qh5 Rg8 32. Bf2 Qg7 33. Qh3 Rh4 0-1

[Event "POR-chT"]
[Site "Porto"]
[Date "2012.07.29"]
[Round "9.3"]
[White "Kolosowski, Mateusz"]
[Black "Pereira, Ruben Miguel Nunes"]
[Result "1-0"]
[WhiteElo "2413"]
[BlackElo "2417"]
[PlyCount "81"]
[EventDate "2012.07.21"]
[EventType "team-tourn"]
[EventRounds "9"]
[EventCountry "POR"]
[SourceTitle "CBM 149 Extra"]
[Source "ChessBase"]
[SourceDate "2012.08.24"]
[SourceVersion "1"]
[SourceVersionDate "2012.08.24"]
[SourceQuality "1"]
[WhiteTeam "Coimbra"]
[BlackTeam "Gaia"]
[WhiteTeamCountry "POR"]
[BlackTeamCountry "POR"]

1. e4 c5 2. Nf3 d6 3. d4 cxd4 4. Nxd4 Nf6 5. Nc3 Nc6 6. Bg5 Qb6 7. Nb3 e6 8. Qd2 Be7 9. 0-0-0 0-0 10. f3 a6 11. g4 Rd8 12. Be3 Qc7 13. Qf2 Nd7 14. h4 b5 15. g5 b4 16. Na4 Nce5 17. Be2 Bb7 18. Kb1 Rab8 19. Nd4 Rdc8 20. h5 Nc5 21. Nxc5 dxc5 22. Nb3 c4 23. Nd4 b3 24. cxb3 cxb3 25. Nxb3 Bxe4+ 26. fxe4 Qc2+ 27. Ka1 Rxb3 28. axb3 Qxb3 29. Rd4 Rc2 30. Bc1 Nc6 31. g6 Bf6 32. e5 Rxe2 33. Qxe2 Nxd4 34. Qxa6 Bd8 35. gxf7+ Kxf7 36. Rf1+ Ke8 37. Rf2 Qd1 38. Kb1 Qb3 39. Rd2 Bb6 40. Qc8+ Ke7 41. Rxd4 1-0